00981nam a2200229 a 450000100060000000300080000600500170001400800390003103500190007004000320008904100080012108200440012910000250017324501890019826000400038730000280042750000160045550400510047150501710052265000260069365000320071934799BD-RjUL20211209052219.0190330m1892 uk a b 001 0 eng a(BD-RjUL)34893 aDLCcDLCdDLCdBD-RjULbeng aeng a333.320954bBAL V-1-3(BK-1-4) 18922231 aBaden-Powell, B. H. 10aThe land systems of British India : bbeing a manual of the land-tenures and of the systems of land-revenue administration prevalent in the several provinces /cby B. H. Baden-Powell aOxford : bClarendon Press, c1892. a 3 v. :bill. ;c22 cm. a"With Maps" aIncludes bibliographical references and index.1 aVol. 1. book, I. General. book II. Bengal. -- v. 2. book III, The system of village or Mahál settlements -- v. 3. book IV, The raiyatwari and allied systems. -- aLand tenure zIndia.  aReal property tax zIndia.